|
|
|
|
| LEADER |
00000nam a22000007a 4500 |
| 003 |
Ucuenca |
| 005 |
20230308230251.0 |
| 008 |
181109b2005 ec ||||| |||| 00| 0 spa d |
| 040 |
|
|
|b spa
|
| 041 |
0 |
|
|a es
|
| 082 |
0 |
|
|a 618.97
|
| 100 |
1 |
|
|a Álvarez, Pablo.
|9 230631
|
| 245 |
|
|
|a Programa nacional educativo productivo para el adulto mayor: la salud integral y bienestar social de los adultos mayores. Guía didáctica
|c Pablo Alvarez
|h imp
|n tomo 1
|
| 264 |
|
|
|a Quito
|b Ministerio de Educación y Cultura
|c 2005
|
| 300 |
|
|
|a 141 páginas:
|b ilu
|c 23.5 cm
|
| 650 |
|
0 |
|a Gerontología
|9 46631
|
| 650 |
|
0 |
|a Adulto mayor
|9 101962
|
| 942 |
|
|
|2 ddc
|c BK
|z bladimir.cabrerar@ucuenca.edu.ec
|
| 999 |
|
|
|c 155920
|d 155920
|